Nazwa relacji pociągu do trasy - Statystyki

Ogólne statystyki
  • Ten quiz został rozwiązany 18 razy
  • Średni wynik to 4 z 11
Statystyki odpowiedzi
Trasa Nazwa relacji % Poprawnych
Poznań - Szklarska Poręba Kamieńczyk
65%
Szczecin - Kraków Barbakan | Sukiennice
41%
Wrocław - Leipzig Via Regia | Saxonia
41%
Warszawa - Białystok Żubr | Zamenhof | Bocian
41%
Gdynia - Zielona Góra Bachus | Stoczniowiec
35%
Poznań - Zakopane Kozica | Halny
35%
Warszawa - Przemyśl San | Witos
35%
Szczecin - Mockava Wigry
35%
Zielona Góra - Chełm Zielonogórzanin
35%
Lębork - Łeba Gardno | Sarbsko
24%
Kraków - Giżycko Nida
24%
Nie znaleziono quizów pasujących do podanych kryteriów
Rozkład punktacji
Procent ludzi z każdym wynikiem
Percentyl według liczby udzielonych odpowiedzi
Twoja historia wyników
Nie rozwiązałeś tego quizu